The theory of moral sentiments.

Uloženo v:
Podrobná bibliografie
Hlavní autor: Smith, Adam (Autor)
Další autoři: Raphael, D.D (Editor), Macfie, A.L (Editor)
Médium: Neznámo
Jazyk:angličtina
Vydáno: Carmel, Indiana, USA: Liberty Fund, 1976
Edice:The Glasgow edition of the works and correspondence of Adam Smith; I
Témata:
Tagy: Přidat tag
Žádné tagy, Buďte první, kdo vytvoří štítek k tomuto záznamu!

MARC

LEADER 00000 a2200000 4500
003 CL-VaPUC
005 20220407090310.0
008 220401b1976 ||||| |||| 00| 0 eng d
999 |c 434103  |d 434101 
020 |a 978-0865970120 
040 |c Pontificia Universidad Católica de Valparaíso 
082 7 |a 170 SMI 1976  |2 22 
100 1 |a Smith, Adam   |e author   |9 345876 
245 1 4 |a The theory of moral sentiments. 
260 |a Carmel, Indiana, USA:  |b Liberty Fund,  |c 1976 
300 |a 412 páginas  
490 |a The Glasgow edition of the works and correspondence of Adam Smith;  |v I 
583 |k Cristina María Rojas Aguilar  |c 20220401 
650 0 |a Ética  |9 255099 
700 |a Raphael, D.D.  |e editor  |9 867875 
700 |a Macfie, A.L.  |e editor  |9 867876 
942 |2 ddc  |c BK 
952 |0 0  |1 0  |2 ddc  |4 0  |6 170_000000000000000_SMI_1976  |7 0  |8 A  |9 582373  |a BIBEDU  |b BIBEDU  |c GEN  |d 2022-03-31  |e 74  |g 23534.00  |i 5650538  |o 170 SMI 1976  |p 5650538  |r 2022-03-31  |t 1  |v 23534.00  |w 2022-03-31  |y BK  |k FIL